000
00332nam a2200133Ia 4500
008
220216s9999 xx 000 0 und d
100
_a
Lewis J
245
0
_a
Reclaiming and the testing of the products
260
_b
IRI Transactions
_c
1943
300
_a
282-285
650
_a
Reclaiming
650
_a
Rubber products
942
_c
JS
999
_c
66521
_d
66521